000 00217 a2200097 4500
001 48451
100 _aLlewellyn, B
245 _aI left my roots in China
260 _aLondon
_bGeorge Allen
_c
090 _c31387
_d31387
942 _aNUST-CAE
_cM
_c23766
999 _c283524
_d283524